| 000 | 00513nam a2200193 a 4500 | ||
|---|---|---|---|
| 001 | 12015 | ||
| 003 | CO-ViMGA | ||
| 008 | 141112s2004 ck r 000 u spa d | ||
| 020 | _a8471750759 | ||
| 040 |
_aCO-ViMGA _bspa _cCO-ViMGA |
||
| 082 | 0 | 4 | _a841.8 B18p |
| 100 | 1 |
_aBaudelaire, Charles _916958 |
|
| 245 | 1 | 0 |
_aBaudelaire : _bPoesía Completa |
| 260 |
_aBarcelona : _bLiberduplex, _c1997 |
||
| 300 | _a399p | ||
| 500 | _aTexto en español - frances. | ||
| 650 | 1 | 4 |
_aPOESIA FRANCESA _916959 |
| 942 |
_2ddc _cBK |
||
| 999 |
_c23068 _d23068 |
||